Online
Catalog
Normal view MARC view

Entry Título uniforme

Number of records used in: 5

001 - NÚMERO DE CONTROL

  • campo de control: 7893

003 - IDENTIFICADOR DEL NÚMERO DE CONTROL

  • campo de control: OSt

005 - FECHA Y HORA DE LA ÚLTIMA TRANSACCIÓN

  • campo de control: 20200615032207.0

008 - DATOS DE LONGITUD FIJA

  • campo de control de longitud fija: 200615|| aca||aabn | a|a d

040 ## - FUENTE DE LA CATALOGACIÓN

  • Centro catalogador/agencia de origen: OSt
  • Centro/agencia transcriptor: OSt

130 ## - ENCABEZAMIENTO--TÍTULO UNIFORME

  • Título uniforme: Estudios económico-sociales

670 ## - FUENTE DE DATOS ENCONTRADOS

  • Cita de la fuente: Work cat.: (OSt)2343: Cela, Jorge 7887, Población, crecimiento urbano y barrios marginados en Santo Domingo /, 1988.

Powered by Koha